[Event "St Denis op 21st"]
[Site "St Denis"]
[Date "2019.10.20"]
[Round "1"]
[White "Bah, Ismael"]
[Black "Bosi Lagarde, Arthur"]
[Result "1-0"]
[WhiteElo "1660"]
[BlackElo "1100"]
[PlyCount "61"]
[EventDate "2019.10.20"]
[EventType "swiss"]
[EventRounds "9"]
[EventCountry "RUF"]
[SourceTitle "CBM 192 Extra"]
[Source "Chessbase"]
[SourceDate "2019.11.06"]
[SourceVersion "1"]
[SourceVersionDate "2019.11.06"]
[SourceQuality "1"]

1. b4 e6 2. Bb2 Nf6 3. a3 b6 4. e3 Bb7 5. Nf3 d5 6. d4 Be7 7. Nbd2 Nbd7 8. c4 0-0 9. cxd5 Bxd5 10. Be2 Ng4 11. h3 Ngf6 12. 0-0 c5 13. bxc5 bxc5 14. Ne5 Qb6 15. Bc3 Nxe5 16. dxe5 Nd7 17. f4 Bh4 18. Nf3 Bg3 19. Be1 Bxe1 20. Rxe1 Qc7 21. Qc2 f5 22. Rec1 c4 23. Qc3 Qc5 24. Rab1 Rab8 25. Nd4 Nb6 26. Rb5 Qc7 27. Bf3 Rfe8 28. Kf2 Na4 29. Qb4 Rxb5 30. Qxb5 Nc5 31. Qxe8# 1-0

[Event "Reunion op 19th"]
[Site "St Denis"]
[Date "2017.10.19"]
[Round "5"]
[White "Rebut, Paul"]
[Black "Bah, Ismael"]
[Result "0-1"]
[WhiteElo "1261"]
[BlackElo "1712"]
[PlyCount "98"]
[EventDate "2017.10.16"]
[EventType "swiss"]
[EventRounds "7"]
[EventCountry "RUF"]
[SourceTitle "CBM 181 Extra"]
[Source "ChessBase"]
[SourceDate "2017.12.12"]
[SourceVersion "1"]
[SourceVersionDate "2017.12.12"]
[SourceQuality "1"]

1. e4 b6 2. d4 Bb7 3. Nc3 e6 4. Nf3 Bb4 5. Bd3 Nf6 6. Bg5 h6 7. Bxf6 Qxf6 8. 0-0 Bxc3 9. bxc3 0-0 10. Qe2 d6 11. a4 a5 12. Rab1 Nd7 13. Rb2 Rfd8 14. Rd1 Qf4 15. Qd2 Qxd2 16. Nxd2 Nf6 17. f3 Nh5 18. g3 Nf6 19. Kf2 Nd7 20. Bb5 Nb8 21. h4 f6 22. Ke3 Kf7 23. Rg1 Ke7 24. g4 Rh8 25. Rbb1 Ba6 26. Bxa6 Nxa6 27. g5 hxg5 28. hxg5 Rag8 29. gxf6+ gxf6 30. Rxg8 Rxg8 31. Rh1 Rf8 32. Rh7+ Kd8 33. f4 Nb8 34. c4 Nd7 35. d5 e5 36. f5 Nc5 37. Nb1 Nxa4 38. Na3 Nc5 39. Nb5 Na6 40. Na7 a4 41. Nc6+ Kc8 42. Kf3 Kb7 43. Ne7 a3 44. Rh1 Nc5 45. c3 a2 46. Ra1 Ra8 47. Ng8 Rxg8 48. Rxa2 Rg1 49. Rh2 Re1 0-1

[Event "Reunion op 18th"]
[Site "St Denis"]
[Date "2016.10.14"]
[Round "7"]
[White "Bah, Ismael"]
[Black "Leccia, Antoine"]
[Result "1/2-1/2"]
[WhiteElo "1786"]
[BlackElo "1342"]
[PlyCount "67"]
[EventDate "2016.10.10"]
[EventType "swiss"]
[EventRounds "7"]
[EventCountry "RUF"]
[SourceTitle "CBM 175 Extra"]
[Source "ChessBase"]
[SourceDate "2016.12.12"]
[SourceVersion "1"]
[SourceVersionDate "2016.12.12"]
[SourceQuality "1"]

1. Nf3 Nc6 2. d4 d5 3. e3 e6 4. Be2 Nf6 5. 0-0 Be7 6. c4 0-0 7. a3 b6 8. Nc3 Bb7 9. Qc2 Nb8 10. cxd5 Nxd5 11. Rd1 c6 12. e4 Nf6 13. e5 Nd5 14. Bd3 h6 15. Qe2 Nd7 16. Qe4 f5 17. exf6 Rxf6 18. Qh7+ Kf7 19. Nxd5 exd5 20. Ne5+ Nxe5 21. dxe5 Re6 22. f4 Bc5+ 23. Kh1 Qg8 24. Qxg8+ Kxg8 25. Re1 Rae8 26. Bf5 Rf6 27. Bg4 g6 28. Bd2 Rff8 29. h4 h5 30. Bd7 Re7 31. e6 Bf2 32. Rf1 Bxh4 33. Kh2 c5 34. b4 1/2-1/2

[Event "Reunion op 17th"]
[Site "St Denis"]
[Date "2015.10.10"]
[Round "9"]
[White "Bah, Ismael"]
[Black "Romain, Juliane"]
[Result "1/2-1/2"]
[WhiteElo "1754"]
[BlackElo "1364"]
[PlyCount "110"]
[EventDate "2015.10.10"]
[EventType "swiss"]
[EventRounds "9"]
[EventCountry "RUF"]
[SourceTitle "CBM 168 Extra"]
[Source "ChessBase"]
[SourceDate "2015.10.29"]
[SourceVersion "1"]
[SourceVersionDate "2015.10.29"]
[SourceQuality "1"]

1. d4 d5 2. Nf3 Bf5 3. e3 e6 4. a3 c5 5. Bd3 Bxd3 6. cxd3 Nc6 7. 0-0 cxd4 8. exd4 Nf6 9. Bg5 Be7 10. Nc3 0-0 11. Qa4 Qb6 12. Rab1 Rac8 13. Ne5 Rfd8 14. Ne2 a6 15. Rfc1 Rc7 16. h3 Rdc8 17. Nf3 Qa7 18. Bf4 Rd7 19. Ne5 Rdc7 20. Nf3 Rd7 21. b4 b5 22. Qd1 Bd6 23. Bxd6 Rxd6 24. Rc2 Rd7 25. Rbc1 Rdc7 26. Qd2 Nd7 27. Qf4 f6 28. Qd6 Ndb8 29. Qxe6+ Kh8 30. Qxd5 Rd8 31. Qc5 Nxd4 32. Qxa7 Nxf3+ 33. gxf3 Rxa7 34. Rc8 Rad7 35. d4 Kg8 36. R1c7 Rd6 37. Kg2 Kf8 38. Nf4 Kg8 39. Rxd8+ Rxd8 40. Ne6 Rd7 41. Rc8+ Kf7 42. Nd8+ Ke7 43. Rxb8 Rxd8 44. Rxd8 Kxd8 45. f4 Kd7 46. Kf3 f5 47. h4 h5 48. Ke3 Kd6 49. f3 Kd5 50. Kd3 Kd6 51. Kd2 Kd5 52. Kc3 Kd6 53. d5 Kxd5 54. Kd3 g6 55. Kc3 Kc6 1/2-1/2

[Event "Reunion op 16th"]
[Site "St Denis"]
[Date "2014.10.22"]
[Round "5"]
[White "Mezouaghi, Miloud"]
[Black "Bah, Ismael"]
[Result "1-0"]
[WhiteElo "2037"]
[BlackElo "1745"]
[PlyCount "105"]
[EventDate "2014.10.18"]
[EventType "swiss"]
[EventRounds "9"]
[EventCountry "RUF"]
[SourceTitle "EXT 2015"]
[Source "ChessBase"]
[SourceDate "2014.11.20"]
[SourceVersion "1"]
[SourceVersionDate "2014.11.20"]
[SourceQuality "1"]

1. e4 b6 2. d4 e6 3. Bd3 Bb7 4. Nf3 Nf6 5. Nbd2 d5 6. e5 Ne4 7. Qe2 Nxd2 8. Bxd2 c5 9. c3 Qc8 10. Ng5 g6 11. Qf3 Qd7 12. Qf6 Rg8 13. Nxh7 Be7 14. Qf3 Nc6 15. Bb5 a6 16. Bxc6 Bxc6 17. 0-0 Rg7 18. Nf6+ Bxf6 19. Qxf6 Rh7 20. dxc5 bxc5 21. Bg5 Qd8 22. Qxd8+ Rxd8 23. Bxd8 Kxd8 24. b3 Rh8 25. Rfe1 Kc7 26. Re3 Kd7 27. Rd1 Ke7 28. h3 Rb8 29. f4 Rh8 30. Kf2 Rh5 31. g4 Rh8 32. Kg3 Rh7 33. Re2 Rh8 34. h4 a5 35. Rb2 Kd7 36. Rdb1 Rc8 37. Rh2 Rh8 38. h5 Ke7 39. hxg6 Rg8 40. gxf7 Kxf7 41. Rh7+ Rg7 42. Rxg7+ Kxg7 43. f5 exf5 44. gxf5 d4 45. cxd4 cxd4 46. Kf4 d3 47. Rd1 Bb5 48. Kg5 Kf7 49. a4 Ba6 50. e6+ Ke7 51. Kg6 Kf8 52. f6 Ke8 53. Kg7 1-0

[Event "Reunion op 14th"]
[Site "St Denis"]
[Date "2012.10.11"]
[Round "6"]
[White "Goorsahye, Antoine"]
[Black "Bah, Ismael"]
[Result "1-0"]
[WhiteElo "1899"]
[BlackElo "1768"]
[PlyCount "71"]
[EventDate "2012.10.06"]
[EventType "swiss"]
[EventRounds "9"]
[EventCountry "RUF"]
[SourceTitle "EXT 2013"]
[Source "ChessBase"]
[SourceDate "2012.11.22"]
[SourceVersion "1"]
[SourceVersionDate "2012.11.22"]
[SourceQuality "1"]

1. e4 c6 2. d4 e6 3. c4 d5 4. exd5 exd5 5. Nc3 Nf6 6. Bg5 Be7 7. Nf3 0-0 8. Bd3 Be6 9. c5 Nbd7 10. 0-0 b6 11. b4 a5 12. a3 Re8 13. h3 axb4 14. axb4 Qc7 15. Re1 b5 16. Bc2 Qb7 17. Qd3 Nf8 18. Ne5 N8d7 19. Rxa8 Rxa8 20. Nf3 Nf8 21. Ne2 Ng6 22. Ng3 h6 23. Bd2 Ra7 24. Rxe6 fxe6 25. Qxg6 Bf8 26. Bxh6 Ra1+ 27. Kh2 Qf7 28. Qg5 Kh8 29. Ne5 Qe8 30. Bg6 Qc8 31. Qh4 gxh6 32. Qxf6+ Bg7 33. Nf7+ Kg8 34. Nxh6+ Kh8 35. Qh4 Qf8 36. Nf7+ 1-0

[Event "Reunion op 13th"]
[Site "St Denis"]
[Date "2011.10.06"]
[Round "6"]
[White "Bah, Ismael"]
[Black "Gallet, Hadrien"]
[Result "0-1"]
[WhiteElo "1769"]
[BlackElo "1632"]
[PlyCount "102"]
[EventDate "2011.10.01"]
[EventType "swiss"]
[EventRounds "9"]
[EventCountry "RUF"]
[SourceTitle "EXT 2012"]
[Source "ChessBase"]
[SourceDate "2011.11.24"]
[SourceVersion "1"]
[SourceVersionDate "2011.11.24"]
[SourceQuality "1"]

1. b4 d5 2. Bb2 Bf5 3. Nf3 e6 4. a3 Nf6 5. d3 c5 6. bxc5 Bxc5 7. e3 0-0 8. Be2 Nbd7 9. 0-0 Qb6 10. Qc1 Rac8 11. Nc3 Rfd8 12. Na4 Qc6 13. Nxc5 Qxc5 14. Bd1 Qd6 15. Qd2 e5 16. Qb4 Qxb4 17. axb4 e4 18. Nh4 Bg4 19. f3 exf3 20. Nxf3 a6 21. h3 Bh5 22. g4 Bg6 23. Nh4 Re8 24. Nxg6 hxg6 25. Kf2 Ne5 26. Rc1 b5 27. Ra1 Nfxg4+ 28. hxg4 Nxg4+ 29. Kg1 Nxe3 30. Re1 Nxd1 31. Rxe8+ Rxe8 32. Rxd1 Re2 33. Rc1 f5 34. Kf1 Re6 35. Re1 Rxe1+ 36. Kxe1 g5 37. c4 bxc4 38. Kd2 Kf7 39. dxc4 dxc4 40. Bd4 f4 41. Ke2 g4 42. Be5 g5 43. Bc3 Ke6 44. Kf2 Kf5 45. Kg2 g3 46. Bg7 g4 47. Bh8 Ke4 48. Bc3 Ke3 49. Be5 f3+ 50. Kg1 f2+ 51. Kf1 Kf3 0-1